Culture Générale - Série 760 - Statistiques

Statistiques générales
  • Ce quiz a été pris 174 fois
  • Le résultat moyen est 7 sur 10
Statistiques - réponses
Question Réponse % Correct
Quel mot japonais désigne la tenue des karatékas et des judokas ? kimono
91%
Quel titre honorifique a pour abréviation les lettres "Mgr" ? Monseigneur
90%
Complétez cette réplique de Bugs Bunny : "Eh ! Quoi d'neuf... docteur
89%
Complétez le titre du film réalisé en 1959 par François Truffaut, "Les 400 ... coups
82%
Quel organe du corps humain sécrète l'insuline et le glucagon ? pancréas
78%
Lors de la campagne présidentielle de 2007, quel candidat avait pour slogan : "Ensemble, tout devient possible" ? Nicolas Sarkozy
76%
Combien le patriarche biblique Jacob avait-il de fils ? douze
74%
Jusqu'en 399 avant J.-C., de quel philosophe Platon fut-il le disciple ? Socrate
70%
Complètez les paroles de la chanson de Juliette Gréco : "Un petit poisson, un petit oiseau s'aimaient... d'amour tendre
55%
Complétez le titre du film réalisé en 1959 par Georges Franju, "Les yeux ... sans visage
6%
Aucun quiz correspondant
Distribution des résultats
% des personnes avec chaque résultat
Percentile par nombre de réponses
Votre historique - résultats
Vous n’avez pas pris ce quiz